000 00399nam a2200121 a 4500
008 120416s9999 xx |||||||||||||| || u
050 _aTD 174 Mar
100 _aMarx, Wesley
245 1 0 _aMan and his environment
246 _awaste
350 _a0.00
995 _D0.00
_FCBU-MAIN LIBRARY (Kitwe)
_H1
_I0.00
_M1
_UDAMAGED
_ZMain Library Open Access Collection
999 _c49795
_d49795